<?xml version="1.0" encoding="UTF-8"?>
<record
    xmlns:xsi="http://www.w3.org/2001/XMLSchema-instance"
    xsi:schemaLocation="http://www.loc.gov/MARC21/slim http://www.loc.gov/standards/marcxml/schema/MARC21slim.xsd"
    xmlns="http://www.loc.gov/MARC21/slim">

  <leader>00947nam a2200241Ia 4500</leader>
  <controlfield tag="003">IN-BaIIA</controlfield>
  <controlfield tag="008">211028s9999    xx            000 0 eng d</controlfield>
  <datafield tag="020" ind1=" " ind2=" ">
    <subfield code="a">3-540-00205-7</subfield>
  </datafield>
  <datafield tag="040" ind1=" " ind2=" ">
    <subfield code="c">IIA Library</subfield>
  </datafield>
  <datafield tag="080" ind1=" " ind2=" ">
    <subfield code="a">524.7(082.2)</subfield>
    <subfield code="b">THE</subfield>
  </datafield>
  <datafield tag="111" ind1=" " ind2=" ">
    <subfield code="a">European Southern Observatory and Universitats-Sternwarte Muchen Workshop</subfield>
    <subfield code="c">Venice, Italy</subfield>
    <subfield code="d">2001 Oct. 24-26</subfield>
    <subfield code="9">27228</subfield>
  </datafield>
  <datafield tag="245" ind1=" " ind2="4">
    <subfield code="a">The Mass of galaxies at low and high redshift</subfield>
    <subfield code="b">proceedings of the european southern observatory and universitats-sternwarte muchen workshop held in Venice, Italy, October 24-26, 2001</subfield>
    <subfield code="c">edited by Ralf Bender and Alvio Renzini</subfield>
  </datafield>
  <datafield tag="260" ind1=" " ind2=" ">
    <subfield code="a">Berlin</subfield>
    <subfield code="b">Springer-Verlag</subfield>
    <subfield code="c">2003</subfield>
  </datafield>
  <datafield tag="300" ind1=" " ind2=" ">
    <subfield code="a">xxii, 363p.</subfield>
  </datafield>
  <datafield tag="490" ind1=" " ind2=" ">
    <subfield code="a">ESO astrophysics symposia</subfield>
  </datafield>
  <datafield tag="650" ind1=" " ind2=" ">
    <subfield code="a">BHB stars</subfield>
    <subfield code="9">27229</subfield>
  </datafield>
  <datafield tag="650" ind1=" " ind2=" ">
    <subfield code="a">Dark matter</subfield>
    <subfield code="9">14945</subfield>
  </datafield>
  <datafield tag="650" ind1=" " ind2=" ">
    <subfield code="a">Galaxy masses</subfield>
    <subfield code="9">27230</subfield>
  </datafield>
  <datafield tag="650" ind1=" " ind2=" ">
    <subfield code="a">Milky way</subfield>
    <subfield code="9">6712</subfield>
  </datafield>
  <datafield tag="700" ind1=" " ind2=" ">
    <subfield code="a">Bender, Ralf, ed.</subfield>
    <subfield code="9">27231</subfield>
  </datafield>
  <datafield tag="700" ind1=" " ind2=" ">
    <subfield code="a">Renzini, Alvio., ed.</subfield>
    <subfield code="9">11645</subfield>
  </datafield>
  <datafield tag="942" ind1=" " ind2=" ">
    <subfield code="c">BK</subfield>
  </datafield>
  <datafield tag="999" ind1=" " ind2=" ">
    <subfield code="c">15012</subfield>
    <subfield code="d">15012</subfield>
  </datafield>
  <datafield tag="952" ind1=" " ind2=" ">
    <subfield code="0">0</subfield>
    <subfield code="1">0</subfield>
    <subfield code="4">0</subfield>
    <subfield code="7">0</subfield>
    <subfield code="a">BAN</subfield>
    <subfield code="b">BAN</subfield>
    <subfield code="c">GEN</subfield>
    <subfield code="d">2003-04-06</subfield>
    <subfield code="e">ANJ   </subfield>
    <subfield code="g">2067.40</subfield>
    <subfield code="l">0</subfield>
    <subfield code="o">524.7(082.2)/ THE</subfield>
    <subfield code="p">15934</subfield>
    <subfield code="r">2021-11-05</subfield>
    <subfield code="v">2067.40</subfield>
    <subfield code="w">2003-04-06</subfield>
    <subfield code="y">BK</subfield>
    <subfield code="G">Rs. 2067.40  </subfield>
  </datafield>
</record>
